00728nam a2200217 i 450000100060000000300090000600500170001500700030003200800410003510000280007624500770010425000150018126000370019630000220023349000250025570000290028083000300030985200320033999900170037195201220038898123ES-MaACL20250829112159.0t|050726s1971 sp ||||1| spa d1 aMarsal, Maurice.97710513aLa autoridad / cpor Maurice Marsal; [traducción de Rafael M. Bofill]. a[1ª ed.]. aBarcelona : bOikos-Tau, c1971. a123 p. ; c18 cm.1 a¿Qué sé? ; v451 aBofill, Rafael M.9297800 a¿Qué sé?v459181382 aES-MaACLjC-44903 bR.78394 c98123d98123 00104070aATENEOMbATENEOMcDEPO2d2008-01-17eSCl0oC-44903p1102431r2023-02-23 00:00:00w2023-02-23yMONOGRAFIA